00246nam a22001097a 4500020001800000082001500018100001600033245003700049260003100086300001200117563000700129 a9780141341880 a813.6bKIN aKinney,Jeff aDiary of a wimpy kid Cabin fever aUSA:bPuffin Books,c2011. a217p. ; aPB